ARRUPE JESUIT UNIVERSITY

CORONAVIRUS -STOP THE SPREAD - CLEAN,DISINFECT,COVER

Orthodox spirituality : (Record no. 123795)

MARC details
000 -LEADER
fixed length control field 01160cam a2200313 a 4500
001 - CONTROL NUMBER
control field 1635110
003 - CONTROL NUMBER IDENTIFIER
control field ARRUPE
005 - DATE AND TIME OF LATEST TRANSACTION
control field 20151112152149.0
008 - FIXED-LENGTH DATA ELEMENTS--GENERAL INFORMATION
fixed length control field 960610r19961945nyu b 000 0 eng
010 ## - LIBRARY OF CONGRESS CONTROL NUMBER
LC control number 96026144
020 ## - INTERNATIONAL STANDARD BOOK NUMBER
International Standard Book Number 0913836516 (alk. paper)
040 ## - CATALOGING SOURCE
Original cataloging agency DLC
Transcribing agency DLC
Modifying agency DLC
041 1# - LANGUAGE CODE
Language code of text/sound track or separate title eng
Language code of original and/or intermediate translations of text fre
050 00 - LIBRARY OF CONGRESS CALL NUMBER
Classification number BX382
Item number .M65 1996
082 00 - DEWEY DECIMAL CLASSIFICATION NUMBER
Classification number 248/.08/8219
Edition number 20
300 ## - PHYSICAL DESCRIPTION
Dimensions 19 cm.
100 0# - MAIN ENTRY--PERSONAL NAME
Personal name Moine de l'Eglise d'Orient,
Dates associated with a name 1893-1980.
9 (RLIN) 21108
245 10 - TITLE STATEMENT
Title Orthodox spirituality :
Remainder of title an outline of the Orthodox ascetical and mystical tradition /
Statement of responsibility, etc by a Monk of the Eastern Church.
250 ## - EDITION STATEMENT
Edition statement 2nd ed.
260 ## - PUBLICATION, DISTRIBUTION, ETC. (IMPRINT)
Place of publication, distribution, etc Crestwood, N.Y. :
Name of publisher, distributor, etc St. Vladimir's Seminary Press,
Date of publication, distribution, etc 1996.
300 ## - PHYSICAL DESCRIPTION
Extent xii, 111 p. ;
504 ## - BIBLIOGRAPHY, ETC. NOTE
Bibliography, etc Includes bibliographical references.
650 #0 - SUBJECT ADDED ENTRY--TOPICAL TERM
Topical term or geographic name as entry element Spiritual life
General subdivision Orthodox Eastern Church.
9 (RLIN) 14448
650 #0 - SUBJECT ADDED ENTRY--TOPICAL TERM
Topical term or geographic name as entry element Ascetism
General subdivision Orthodox Eastern Church.
9 (RLIN) 21109
650 #0 - SUBJECT ADDED ENTRY--TOPICAL TERM
Topical term or geographic name as entry element Mysticism
General subdivision Orthodox Eastern Church.
9 (RLIN) 21110
906 ## - LOCAL DATA ELEMENT F, LDF (RLIN)
a 7
b cbc
c orignew
d 1
e ocip
f 19
g y-gencatlg
942 ## - ADDED ENTRY ELEMENTS (KOHA)
Source of classification or shelving scheme Library of Congress Classification
Koha item type Monograph ( Printed materials)
Holdings
Withdrawn status Lost status Source of classification or shelving scheme Damaged status Not for loan Collection code Home library Current library Shelving location Date acquired Total Checkouts Full call number Barcode Date last seen Price effective from Koha item type
    Library of Congress Classification     Main Collection ARRUPE LIBRARY ARRUPE LIBRARY Main Collection 12/11/2015   BX382.M65 1996 46500005765 22/11/2017 12/11/2015 Monograph ( Printed materials)

 

Arrupe Library. PO Box MP320 Mt Pleasant, Harare, Zimbabwe
263 242 745411|librarian@aju.ac.zw